[Event "SF Köln-Mülheim-SG Grün-Weiß Baumschulen"]
[Site "DVM U14 in Arendsee"]
[Date "2009.12.28"]
[Round "4.1"]
[White "Mittelstädt, Joel"]
[Black "Pauly, Carlo"]
[Result "1/2-1/2"]
[WhiteElo "1626"]
[BlackElo "1993"]
[PlyCount "86"]
[EventDate "2009.??.??"]
[WhiteTeam "SG Grün-Weiß Baumschulenweg"]
[BlackTeam "SF Köln-Mülheim"]

1. b4 c6 2. Bb2 a5 3. a3 axb4 4. axb4 Rxa1 5. Bxa1 Qb6 6. c3 Nf6 7. e3 d5 8. d4
Bf5 9. Bd3 Bg6 10. Bxg6 hxg6 11. Nf3 e6 12. Nbd2 Bd6 13. Bb2 Nbd7 14. Qb3 Qb5
15. Ba3 Nb6 16. Qd1 Nc4 17. Nxc4 Qxc4 18. Bb2 Nd7 19. Nd2 Qb5 20. Qe2 Nb6 21.
Qxb5 cxb5 22. h3 Kd7 23. Ke2 Ra8 24. Ra1 Na4 25. Nb1 Rc8 26. Ra2 Bxb4 27. cxb4
Rc2+ 28. Kd1 Rxb2 29. Rxb2 Nxb2+ 30. Kc2 Nc4 31. Nd2 Ke7 32. Nf3 Kf6 33. Kd3 g5
34. Nh2 Kf5 35. f3 f6 36. Nf1 Kg6 37. e4 Kh5 38. exd5 exd5 39. Ng3+ Kg6 40. Ne2
Nb2+ 41. Kd2 Na4 42. g4 Kf7 43. Nc3 Nxc3 1/2-1/2

[Event "SF Köln-Mülheim-SG Grün-Weiß Baumschulen"]
[Site "DVM U14 in Arendsee"]
[Date "2009.12.28"]
[Round "4.2"]
[White "Eigemann, Frederik"]
[Black "Spilke, Paul"]
[Result "1-0"]
[WhiteElo "1900"]
[BlackElo "1589"]
[PlyCount "137"]
[EventDate "2009.??.??"]
[WhiteTeam "SF Köln-Mülheim"]
[BlackTeam "SG Grün-Weiß Baumschulenweg"]

1. d4 d5 2. c4 c6 3. Nf3 e6 4. Nbd2 Nf6 5. g3 Bd6 6. Bg2 Nbd7 7. O-O O-O 8. Qc2
e5 9. dxe5 Nxe5 10. Nxe5 Bxe5 11. Nf3 Bc7 12. Bg5 dxc4 13. Qxc4 h6 14. Bd2 Qd5
15. Qxd5 Nxd5 16. Rfd1 Bg4 17. Rac1 Bb6 18. h3 Be6 19. Ne5 Nf6 20. Nc4 Bc7 21.
b3 Rfe8 22. Kf1 Bd5 23. e3 Bxg2+ 24. Kxg2 Rad8 25. Kf3 Ne4 26. Bb4 Ng5+ 27. Kg2
Ne6 28. Ba3 Rxd1 29. Rxd1 Rd8 30. Rxd8+ Nxd8 31. Kf3 b5 32. Nd6 Ne6 33. Nc8
Ng5+ 34. Kg2 a5 35. Ne7+ Kh7 36. Nxc6 b4 37. Bb2 Ne4 38. Kf1 f6 39. Ke2 Bb6 40.
Bd4 Bc7 41. h4 Kg6 42. Ne7+ Kf7 43. Nd5 Bd8 44. Kf3 f5 45. Ke2 g5 46. hxg5 hxg5
47. Bb6 Bxb6 48. Nxb6 Nc3+ 49. Kd2 Nxa2 50. Nc4 Nc3 51. Nxa5 Ke6 52. Nc6 Nd5
53. Kd3 f4 54. gxf4 gxf4 55. e4 Nb6 56. Nxb4 Nd7 57. Kd4 Ne5 58. Nd3 Ng6 59. b4
Kd6 60. b5 f3 61. e5+ Kd7 62. Ke4 Ke6 63. Nf4+ Nxf4 64. Kxf4 Kd5 65. b6 Kc6 66.
e6 Kxb6 67. e7 Kb7 68. e8=Q Ka6 69. Qb8 1-0

[Event "SF Köln-Mülheim-SG Grün-Weiß Baumschulen"]
[Site "DVM U14 in Arendsee"]
[Date "2009.12.28"]
[Round "4.3"]
[White "Fartmann, Oliver"]
[Black "Eigemann, Julian"]
[Result "1-0"]
[WhiteElo "1439"]
[BlackElo "1851"]
[PlyCount "59"]
[EventDate "2009.??.??"]
[WhiteTeam "SG Grün-Weiß Baumschulenweg"]
[BlackTeam "SF Köln-Mülheim"]

1. d4 Nf6 2. c4 g6 3. Nc3 Bg7 4. e4 d6 5. Be2 O-O 6. Bg5 Nc6 7. Nf3 h6 8. Bf4
Nh5 9. Be3 e5 10. d5 Ne7 11. Qd2 Kh7 12. g4 Bxg4 13. Ng5+ hxg5 14. Bxg4 Nf4 15.
O-O-O f5 16. Bf3 Qd7 17. h4 g4 18. Be2 Bh6 19. h5 gxh5 20. Rxh5 Nxh5 21. Bxh6
Rg8 22. Rh1 Qe8 23. exf5 Nxf5 24. Ne4 Kh8 25. Bg5 Qg6 26. Bxg4 Nh6 27. Rxh5
Qxe4 28. Bf6+ Rg7 29. Qxh6+ Kg8 30. Qxg7# 1-0

[Event "SF Köln-Mülheim-SG Grün-Weiß Baumschulen"]
[Site "DVM U14 in Arendsee"]
[Date "2009.12.28"]
[Round "4.4"]
[White "Rahmen, Christian"]
[Black "Siegemund, Georg"]
[Result "1-0"]
[WhiteElo "1223"]
[BlackElo "1482"]
[PlyCount "137"]
[EventDate "2009.??.??"]
[WhiteTeam "SF Köln-Mülheim"]
[BlackTeam "SG Grün-Weiß Baumschulenweg"]

1. Nf3 c5 2. g3 d6 3. Bg2 Nf6 4. O-O Nc6 5. d3 g6 6. Nbd2 Bg7 7. e4 O-O 8. Nh4
Bd7 9. f4 Ng4 10. Ndf3 Nd4 11. c3 Nxf3+ 12. Qxf3 Qc8 13. f5 Ne5 14. Qe2 Bb5 15.
c4 Bd7 16. Bg5 Nc6 17. f6 exf6 18. Bxf6 Bxf6 19. Rxf6 Bg4 20. Qd2 Qd8 21. Qf4
Nd4 22. Qxd6 Qxd6 23. Rxd6 g5 24. Nf5 Bxf5 25. exf5 Nxf5 26. Rd5 Ne3 27. Rxg5+
Kh8 28. Rxc5 Nxg2 29. Kxg2 Kg7 30. Re1 Rad8 31. Rd1 Rd4 32. Rc7 b6 33. c5 bxc5
34. Rxc5 Rb8 35. b3 Rb6 36. Rc4 Rd7 37. d4 Re6 38. a4 Re2+ 39. Kh3 Rd6 40. d5
Re5 41. Rc5 Rh6+ 42. Kg4 Rhh5 43. Rc7 Rhg5+ 44. Kh3 Rh5+ 45. Kg4 Rxh2 46. d6
Kg6 47. Kf4 Kf6 48. Rxf7+ Kxf7 49. Kxe5 Ke8 50. d7+ Kd8 51. Ke6 Rh6+ 52. Kf7
Rg6 53. Rd3 a5 54. Rd5 Rxg3 55. Rxa5 Rxb3 56. Rb5 Rxb5 57. axb5 h5 58. Ke6 h4
59. b6 h3 60. b7 Kc7 61. b8=Q+ Kxb8 62. d8=Q+ Kb7 63. Qh4 h2 64. Qxh2 Ka8 65.
Qb2 Ka7 66. Kd6 Ka6 67. Kc5 Ka7 68. Kc6 Ka8 69. Qb7# 1-0

[Event "USV TU Dresden-Sabt Frankfurter TV 1860"]
[Site "DVM U14 in Arendsee"]
[Date "2009.12.28"]
[Round "4.1"]
[White "Medvedovski, Michael"]
[Black "Osmanodja, Filiz"]
[Result "1-0"]
[WhiteElo "1768"]
[BlackElo "2034"]
[PlyCount "85"]
[EventDate "2009.??.??"]
[WhiteTeam "Sabt Frankfurter TV 1860"]
[BlackTeam "USV TU Dresden"]

1. e4 c5 2. Nf3 d6 3. d4 cxd4 4. Nxd4 Nf6 5. Nc3 a6 6. Bc4 e6 7. Bb3 Nbd7 8. f4
Nc5 9. f5 e5 10. Nde2 Be7 11. Ng3 O-O 12. Bg5 b5 13. O-O Bb7 14. Bxf6 Bxf6 15.
Bd5 Qb6 16. Kh1 Be7 17. Nh5 Kh8 18. Qg4 Bf6 19. Bxb7 Qxb7 20. Nd5 Rg8 21. Nhxf6
gxf6 22. Qh4 Rg7 23. Nxf6 Qe7 24. Qh6 Nd7 25. Nd5 Qg5 26. Qxg5 Rxg5 27. a4 bxa4
28. Rxa4 Nc5 29. Rc4 a5 30. Ra1 Rb8 31. b3 Rg4 32. Nf6 Rh4 33. g3 Rh6 34. Ng4
Rh5 35. Rxa5 Kg7 36. Ne3 Rg5 37. b4 Nd7 38. Ra6 Nb6 39. Rc6 Nc8 40. c3 Kf8 41.
Kg2 Ke8 42. Nd5 Rg7 43. Rc7 1-0

[Event "USV TU Dresden-Sabt Frankfurter TV 1860"]
[Site "DVM U14 in Arendsee"]
[Date "2009.12.28"]
[Round "4.2"]
[White "Neef, Maximilian"]
[Black "Diyap, Murat"]
[Result "1-0"]
[WhiteElo "1859"]
[BlackElo "1678"]
[PlyCount "57"]
[EventDate "2009.??.??"]
[WhiteTeam "USV TU Dresden"]
[BlackTeam "Sabt Frankfurter TV 1860"]

1. d4 d5 2. c4 e6 3. Nf3 Nf6 4. g3 c6 5. Bg2 Nbd7 6. Qc2 dxc4 7. Qxc4 Nb6 8.
Qc2 Bd7 9. O-O Rc8 10. Nc3 Be7 11. Rd1 O-O 12. a3 c5 13. e3 Qc7 14. Bd2 cxd4
15. Nxd4 e5 16. Nf5 Bxf5 17. Qxf5 Nc4 18. Be1 Nxb2 19. Rdb1 Nc4 20. Rxb7 Qc5
21. Na4 Nxe3 22. fxe3 Qxe3+ 23. Qf2 Qd3 24. Rxe7 Rc2 25. Nc5 Qc4 26. Bf1 Rxf2
27. Bxc4 Rc2 28. Bb3 Rxc5 29. Bb4 1-0

[Event "USV TU Dresden-Sabt Frankfurter TV 1860"]
[Site "DVM U14 in Arendsee"]
[Date "2009.12.28"]
[Round "4.3"]
[White "Abrahamyan, Arsen"]
[Black "Pfefferkorn, Kai"]
[Result "1/2-1/2"]
[WhiteElo "1599"]
[BlackElo "1530"]
[PlyCount "147"]
[EventDate "2009.??.??"]
[WhiteTeam "Sabt Frankfurter TV 1860"]
[BlackTeam "USV TU Dresden"]

1. e4 e6 2. d4 d5 3. e5 c5 4. c3 Nc6 5. Nf3 Qb6 6. Be2 Bd7 7. O-O cxd4 8. cxd4
Nge7 9. b3 Nf5 10. Bb2 Be7 11. Re1 O-O 12. Bd3 Nh6 13. Nc3 a6 14. Rc1 Rac8 15.
Rc2 Nb4 16. Rce2 Nxd3 17. Qxd3 Nf5 18. Rd2 Bb4 19. Rc1 Bxc3 20. Bxc3 Bb5 21.
Qb1 Ne7 22. Bb4 Rxc1+ 23. Qxc1 Rc8 24. Bc5 Qc7 25. Qe1 Ng6 26. Rd1 Nf4 27. Qe3
Ne2+ 28. Kh1 b6 29. a4 bxc5 30. axb5 Nxd4 31. bxa6 Nxf3 32. gxf3 Ra8 33. Rc1
Rxa6 34. Rxc5 Rc6 35. Rb5 h6 36. Kg2 Rc3 37. Qd4 Rc1 38. b4 Rc4 39. Qe3 Qe7 40.
Rb8+ Kh7 41. b5 g6 42. Ra8 d4 43. Qf4 Rb4 44. Rb8 d3 45. Qd2 Qg5+ 46. Qxg5 hxg5
47. Rd8 Rxb5 48. Rxd3 Rxe5 49. Kg3 Kg7 50. Rd4 f5 51. Rd7+ Kf6 52. Rd1 Rc5 53.
h3 Rc3 54. Re1 e5 55. Kg2 Rd3 56. Rc1 Rd6 57. Kg3 e4 58. fxe4 Rd3+ 59. Kg2 fxe4
60. Re1 Kf5 61. Re3 g4 62. hxg4+ Kf4 63. Re1 Rd4 64. Re3 Kxg4 65. Rxe4+ Rxe4
66. f3+ Kf4 67. fxe4 Kxe4 68. Kg3 Kf5 69. Kf3 g5 70. Kg3 g4 71. Kg2 Kf4 72. Kf2
g3+ 73. Kg2 Kg4 74. Kg1 1/2-1/2

[Event "USV TU Dresden-Sabt Frankfurter TV 1860"]
[Site "DVM U14 in Arendsee"]
[Date "2009.12.28"]
[Round "4.4"]
[White "Teich, Thomas"]
[Black "Keller, Peter"]
[Result "1/2-1/2"]
[WhiteElo "1496"]
[BlackElo "1621"]
[PlyCount "99"]
[EventDate "2009.??.??"]
[WhiteTeam "USV TU Dresden"]
[BlackTeam "Sabt Frankfurter TV 1860"]

1. e4 e5 2. Nf3 Nc6 3. Bb5 a6 4. Ba4 Nf6 5. O-O b5 6. Bb3 Bc5 7. c3 d6 8. d4
Bb6 9. h3 Bb7 10. Re1 h6 11. Bc2 O-O 12. Be3 Re8 13. Nbd2 Na7 14. dxe5 Bxe3 15.
Rxe3 dxe5 16. Nf1 c5 17. Ng3 g6 18. Qe1 Qe7 19. Rd3 Rad8 20. Rad1 Nc6 21. Rxd8
Rxd8 22. Rxd8+ Nxd8 23. Qd2 Kg7 24. Ne1 Qd7 25. Qxd7 Nxd7 26. f3 c4 27. Kf2 Ne6
28. Ne2 Nec5 29. Ke3 Nb6 30. b3 cxb3 31. axb3 Bc8 32. Nd3 Nxd3 33. Kxd3 Be6 34.
b4 Nc4 35. Bb3 Nb2+ 36. Kc2 Bxb3+ 37. Kxb3 Nc4 38. Nc1 f5 39. exf5 gxf5 40. Kc2
e4 41. fxe4 fxe4 42. Nb3 Kf6 43. Nc5 Kf5 44. Nxa6 Kf4 45. Nc7 Nd6 46. Nd5+ Kg3
47. Ne3 h5 48. Kd2 h4 49. Ke2 Kf4 50. Kf2 1/2-1/2

[Event "Aachener SV 1856-FC Ergolding 1932"]
[Site "DVM U14 in Arendsee"]
[Date "2009.12.28"]
[Round "4.1"]
[White "Oberpriller, Johannes"]
[Black "Titgemeyer, Sven"]
[Result "0-1"]
[WhiteElo "1735"]
[BlackElo "1907"]
[PlyCount "113"]
[EventDate "2009.??.??"]
[WhiteTeam "FC Ergolding 1932"]
[BlackTeam "Aachener SV 1856"]

1. d4 d5 2. Nf3 e6 3. e3 c5 4. b3 Nc6 5. Bb2 Nf6 6. Nbd2 Be7 7. Bd3 O-O 8. O-O
b6 9. Ne5 Bb7 10. f4 Rc8 11. a3 a6 12. Rf3 Ne4 13. Nxc6 Bxc6 14. Bxa6 Rc7 15.
dxc5 Nxc5 16. Rg3 Bf6 17. Bxf6 Qxf6 18. Be2 d4 19. exd4 Qxd4+ 20. Kh1 Rd7 21.
Bd3 Qxf4 22. Qe2 Nxd3 23. cxd3 Qd4 24. Rd1 Qb2 25. a4 Bd5 26. Qg4 f5 27. Qb4 e5
28. Rf1 Qc2 29. Nc4 Bxc4 30. Qxc4+ Qxc4 31. dxc4 f4 32. Rc3 e4 33. Kg1 e3 34.
Re1 Rd2 35. a5 bxa5 36. c5 Rc8 37. Rc4 g5 38. h4 h6 39. hxg5 hxg5 40. c6 Rd6
41. Rc5 Rg6 42. Rec1 Kh7 43. Rxa5 Rgxc6 44. Re1 Kg6 45. Ra2 Rc1 46. Kf1 Rxe1+
47. Kxe1 Rc1+ 48. Ke2 Rb1 49. g3 Rg1 50. Ra6+ Kf5 51. gxf4 gxf4 52. b4 Rg2+ 53.
Kf1 Rb2 54. Rb6 Kg4 55. b5 Kf3 56. Kg1 Rb1+ 57. Kh2 0-1

[Event "Aachener SV 1856-FC Ergolding 1932"]
[Site "DVM U14 in Arendsee"]
[Date "2009.12.28"]
[Round "4.2"]
[White "Falter, Lennart"]
[Black "Schnurr, Christian"]
[Result "1/2-1/2"]
[WhiteElo "1861"]
[BlackElo "1709"]
[PlyCount "105"]
[EventDate "2009.??.??"]
[WhiteTeam "Aachener SV 1856"]
[BlackTeam "FC Ergolding 1932"]

1. e4 d5 2. exd5 Qxd5 3. Nc3 Qa5 4. d4 Nf6 5. Bd2 c6 6. Nf3 Bg4 7. Bc4 Qh5 8.
Be2 Nbd7 9. h3 e6 10. O-O Bxf3 11. Bxf3 Qg6 12. Bf4 Nb6 13. Qe2 Be7 14. Bg3 O-O
15. Rad1 Rfe8 16. a4 Qf5 17. Be5 Nbd5 18. Ne4 Nf4 19. Qe3 N4d5 20. Qe1 Nxe4 21.
Bxe4 Qh5 22. Bf3 Qh6 23. Qe2 Bf6 24. Bg3 g6 25. a5 a6 26. Rfe1 Ne7 27. Qd3 Rad8
28. c3 Qf8 29. Qc4 Nf5 30. Be5 Bg7 31. Qb3 Rd7 32. Bxg7 Kxg7 33. Re5 Red8 34.
Rde1 Ne7 35. g4 Nd5 36. Qc2 Qd6 37. Qd2 Qf8 38. Bxd5 Rxd5 39. Qf4 Qd6 40. g5
Qc7 41. b4 Kg8 42. h4 Rxe5 43. Rxe5 Rd5 44. Qe3 Rxe5 45. Qxe5 Qxe5 46. dxe5 Kf8
47. f3 Ke7 48. Kf2 Kd7 49. Ke3 Kd8 50. Kd4 Kd7 51. Kc5 Kc7 52. c4 Kd7 53. Kb6
1/2-1/2

[Event "Aachener SV 1856-FC Ergolding 1932"]
[Site "DVM U14 in Arendsee"]
[Date "2009.12.28"]
[Round "4.3"]
[White "Laimer, Tobias"]
[Black "Hagmanns, Raphael"]
[Result "0-1"]
[WhiteElo "1646"]
[BlackElo "1578"]
[PlyCount "94"]
[EventDate "2009.??.??"]
[WhiteTeam "FC Ergolding 1932"]
[BlackTeam "Aachener SV 1856"]

1. e4 e5 2. Nf3 Nc6 3. d4 exd4 4. Nxd4 Bc5 5. Nb3 Bb6 6. Bc4 d6 7. Nc3 Nge7 8.
Bg5 f6 9. Bh4 Ne5 10. Be2 Be6 11. f4 N5c6 12. Bh5+ g6 13. Bxf6 Rf8 14. Bxe7
Qxe7 15. Bf3 Rxf4 16. Qd2 Qf7 17. O-O-O O-O-O 18. Kb1 Ne5 19. Nd4 Kb8 20. Nxe6
Qxe6 21. Rhf1 h5 22. Nd5 Rdf8 23. Be2 Rf2 24. Qh6 Qe8 25. Nc3 Ng4 26. Qg5 Be3
27. Qh4 Rxg2 28. Bxg4 Rxg4 29. Qh3 Bf4 30. Qf3 Bh6 31. Qe2 Rgf4 32. Rh1 g5 33.
Qc4 R8f7 34. Rhe1 Qc6 35. Qd3 a6 36. Ka1 g4 37. Nd5 Rf3 38. Ne3 Qc5 39. Rh1
Rxe3 40. Qd2 Bg7 41. c3 Ref3 42. Qc2 Rf2 43. Qc1 R7f3 44. Rhf1 Rxh2 45. Rxf3
gxf3 46. Qf4 Qf2 47. Rb1 Bxc3 0-1

[Event "Aachener SV 1856-FC Ergolding 1932"]
[Site "DVM U14 in Arendsee"]
[Date "2009.12.28"]
[Round "4.4"]
[White "Ucaroglu, Melih Furkan"]
[Black "Wanninger, Carl"]
[Result "1-0"]
[WhiteElo "1392"]
[BlackElo "1597"]
[PlyCount "107"]
[EventDate "2009.??.??"]
[WhiteTeam "Aachener SV 1856"]
[BlackTeam "FC Ergolding 1932"]

1. e4 d5 2. exd5 Nf6 3. c4 c6 4. dxc6 Nxc6 5. Nf3 Bf5 6. a3 e5 7. Nc3 Bc5 8.
Be2 Ng4 9. O-O e4 10. Ne1 Nxf2 11. Rxf2 Qd4 12. Nc2 Qxf2+ 13. Kh1 h5 14. Qf1
Qxf1+ 15. Bxf1 O-O-O 16. Nd5 h4 17. b4 Bd6 18. Bb2 Rh7 19. Nce3 Be6 20. h3 Ne7
21. Rc1 Kb8 22. Nc3 Be5 23. Rc2 f5 24. Na4 Bg3 25. Nc5 Bf7 26. Be2 f4 27. Nf1
f3 28. gxf3 exf3 29. Bxf3 Nc6 30. Na6+ bxa6 31. Bxc6 Bf4 32. d4 Rh6 33. Bg2 Bg5
34. d5 Bf6 35. Bc1 Rh5 36. Bf3 Rf5 37. Kg2 Kc7 38. Bg4 Rxf1 39. Kxf1 Bg6 40.
Rf2 Kd6 41. Bf4+ Be5 42. Bg5 Rh8 43. Ke2 Re8 44. Be6 Bg3 45. Rf1 Ke5 46. Ke3
Be4 47. Bf4+ Bxf4+ 48. Rxf4 Bc2 49. Rxh4 g5 50. Rg4 Kf6 51. Kd4 Bf5 52. Bxf5
Kxf5 53. d6 Ke6 54. Ke4 1-0

[Event "SF Paderborn 2000-SC Reti Heusweiler"]
[Site "DVM U14 in Arendsee"]
[Date "2009.12.28"]
[Round "4.1"]
[White "Grewenig, Jan"]
[Black "Hötte, Philipp"]
[Result "0-1"]
[WhiteElo "1802"]
[BlackElo "1836"]
[PlyCount "84"]
[EventDate "2009.??.??"]
[WhiteTeam "SC Reti Heusweiler"]
[BlackTeam "SF Paderborn 2000"]

1. e4 c5 2. Nf3 d6 3. d4 cxd4 4. Nxd4 Nf6 5. Nc3 a6 6. Be2 e5 7. Nb3 Be7 8. O-O
Be6 9. Kh1 O-O 10. f4 Nc6 11. a4 Rc8 12. f5 Bxb3 13. cxb3 Nd4 14. Bc4 b5 15.
axb5 axb5 16. Bd3 Nd7 17. b4 Nb6 18. Ra7 Bf6 19. Nxb5 Nc4 20. Nxd4 exd4 21. Qe2
Qb6 22. Rxf7 Rxf7 23. Bxc4 Qxb4 24. Bxf7+ Kxf7 25. h4 Qc4 26. Qxc4+ Rxc4 27.
Bg5 Be5 28. Rc1 Rxc1+ 29. Bxc1 d3 30. g4 Bxb2 31. Bd2 Kf6 32. Kg2 Ke5 33. Kf3
Kd4 34. g5 Bc3 35. Be3+ Kc4 36. Bf4 Kb3 37. f6 gxf6 38. gxf6 Bxf6 39. Kf2 Bxh4+
40. Ke3 Kc2 41. Kd4 Bf6+ 42. Kd5 Be5 0-1

[Event "SF Paderborn 2000-SC Reti Heusweiler"]
[Site "DVM U14 in Arendsee"]
[Date "2009.12.28"]
[Round "4.2"]
[White "Kuckling, Hannah"]
[Black "Holle, Cedric"]
[Result "0-1"]
[WhiteElo "1647"]
[BlackElo "1732"]
[PlyCount "92"]
[EventDate "2009.??.??"]
[WhiteTeam "SF Paderborn 2000"]
[BlackTeam "SC Reti Heusweiler"]

1. e4 e6 2. d4 d5 3. Nd2 Nf6 4. e5 Nfd7 5. Bd3 c5 6. c3 Nc6 7. Ne2 Qb6 8. Nf3
cxd4 9. cxd4 Bb4+ 10. Bd2 O-O 11. O-O f6 12. exf6 Nxf6 13. a3 Bd6 14. Qc2 Bd7
15. Bc3 Ne7 16. Ng5 Nf5 17. Nxe6 Bxh2+ 18. Kxh2 Ng4+ 19. Kg1 Qxe6 20. Nf4 Qh6
21. Nh3 Qd6 22. g3 Nxg3 23. Bxh7+ Kh8 24. fxg3 Qxg3+ 25. Qg2 Qxg2+ 26. Kxg2
Ne3+ 27. Kg1 Nxf1 28. Ng5 Ne3 29. Re1 Rf4 30. Rxe3 Rg4+ 31. Kf2 Rxg5 32. Bc2
Rf8+ 33. Rf3 Rxf3+ 34. Kxf3 Rg4 35. Bb3 Rg5 36. Kf4 Rf5+ 37. Kg3 Kg8 38. Bc2
Rf6 39. Bb3 Be6 40. Bd2 Kf7 41. Bg5 Rf5 42. Be3 Kf6 43. Bc2 Rh5 44. Bf4 Bf5 45.
Be5+ Ke6 46. Bb3 Rh3+ 0-1

[Event "SF Paderborn 2000-SC Reti Heusweiler"]
[Site "DVM U14 in Arendsee"]
[Date "2009.12.28"]
[Round "4.3"]
[White "Holle, Eric"]
[Black "Kuckling, Jonas"]
[Result "0-1"]
[WhiteElo "1630"]
[BlackElo "1497"]
[PlyCount "84"]
[EventDate "2009.??.??"]
[WhiteTeam "SC Reti Heusweiler"]
[BlackTeam "SF Paderborn 2000"]

1. e4 c5 2. Nf3 e6 3. d4 cxd4 4. Nxd4 a6 5. c4 Qc7 6. Nc3 Nf6 7. Be3 Be7 8. Be2
O-O 9. O-O b6 10. Qd3 Bb7 11. f4 d6 12. f5 e5 13. Nc2 Nbd7 14. Nd5 Bxd5 15.
cxd5 h6 16. b4 b5 17. Rf3 Nh7 18. Rg3 Bg5 19. Rc1 Qd8 20. Ne1 Ndf6 21. Rc6 Qe7
22. Nf3 Bxe3+ 23. Qxe3 Nh5 24. Rh3 Nf4 25. Rg3 Rfc8 26. Rxc8+ Rxc8 27. a4 Rc3
28. Qd2 Qc7 29. axb5 axb5 30. Bxb5 Rc1+ 31. Ne1 Ng5 32. Bc6 Qa7+ 33. Kh1 Qa1
34. Re3 Nd3 35. h4 Nxe1 36. Kh2 Nef3+ 37. gxf3 Rh1+ 38. Kg3 Qg1+ 39. Qg2 Rh3+
40. Kg4 Qxg2+ 41. Kh5 Rxh4+ 42. Kxh4 Qh3# 0-1

[Event "SF Paderborn 2000-SC Reti Heusweiler"]
[Site "DVM U14 in Arendsee"]
[Date "2009.12.28"]
[Round "4.4"]
[White "Gehle, Philipp"]
[Black "Schirra, Felix"]
[Result "0-1"]
[WhiteElo "1379"]
[BlackElo "1370"]
[PlyCount "74"]
[EventDate "2009.??.??"]
[WhiteTeam "SF Paderborn 2000"]
[BlackTeam "SC Reti Heusweiler"]

1. e4 e6 2. Nc3 d5 3. exd5 exd5 4. d3 Nf6 5. Nf3 Bb4 6. Bd2 Bf5 7. Be2 O-O 8.
O-O c5 9. Re1 Nc6 10. Na4 Bxd2 11. Qxd2 b6 12. Nc3 Bc8 13. d4 Ne4 14. Qe3 Re8
15. Bb5 Bb7 16. Bxc6 Bxc6 17. Ne5 Rxe5 18. dxe5 d4 19. Qf3 dxc3 20. Rxe4 cxb2
21. Rb1 Qd2 22. Re2 Qc1+ 23. Re1 Bxf3 24. Rbxc1 bxc1=Q 25. Rxc1 Be4 26. c3 Rd8
27. f3 Bc6 28. Rc2 Kf8 29. Kf2 Ke7 30. f4 f6 31. exf6+ Kxf6 32. g3 Ba4 33. Re2
Rd3 34. Re3 Rxe3 35. Kxe3 Ke6 36. a3 b5 37. Kd3 a5 0-1

[Event "SV Empor Erfurt-SG Königskinder Hohentüb"]
[Site "DVM U14 in Arendsee"]
[Date "2009.12.28"]
[Round "4.1"]
[White "Estedt, Jonathan"]
[Black "Urban, Lars"]
[Result "1/2-1/2"]
[WhiteElo "1788"]
[BlackElo "1808"]
[PlyCount "48"]
[EventDate "2009.??.??"]
[WhiteTeam "SG Königskinder Hohentübingen"]
[BlackTeam "SV Empor Erfurt"]

1. d4 d5 2. Nf3 Nf6 3. e3 e6 4. Bd3 c5 5. c3 Nc6 6. Nbd2 cxd4 7. exd4 Bd6 8.
O-O O-O 9. Qe2 Qc7 10. Re1 a6 11. Ne5 b5 12. a3 Na5 13. Kh1 Bb7 14. Bc2 h6 15.
Ng4 Nxg4 16. Qxg4 f5 17. Qh5 Qf7 18. Qxf7+ Kxf7 19. Nf3 Nc4 20. b3 Nb6 21. Ne5+
Bxe5 22. Rxe5 Nd7 23. Re2 Nf6 24. f3 Rfe8 1/2-1/2

[Event "SV Empor Erfurt-SG Königskinder Hohentüb"]
[Site "DVM U14 in Arendsee"]
[Date "2009.12.28"]
[Round "4.2"]
[White "Lorenz, Erik"]
[Black "Jansen, Lauritz"]
[Result "0-1"]
[WhiteElo "1576"]
[BlackElo "1655"]
[PlyCount "142"]
[EventDate "2009.??.??"]
[WhiteTeam "SV Empor Erfurt"]
[BlackTeam "SG Königskinder Hohentübingen"]

1. e4 c5 2. Nf3 d6 3. d4 cxd4 4. Nxd4 g6 5. c4 Bg7 6. Be3 Nf6 7. Nc3 O-O 8. Be2
Bd7 9. Qd2 Nc6 10. O-O Be6 11. b3 a6 12. Rac1 Nd7 13. Nd5 Bxd5 14. cxd5 Nxd4
15. Bxd4 Bxd4 16. Qxd4 Rc8 17. Rc4 Ne5 18. Rc3 Rxc3 19. Qxc3 Qc8 20. Rc1 Qxc3
21. Rxc3 Rb8 22. Rc7 f6 23. Rxe7 Nf7 24. h4 Kf8 25. Rc7 h6 26. Bg4 b6 27. Be6
Nd8 28. Rh7 a5 29. Rh8+ Kg7 30. Rg8+ Kh7 31. g4 Rc8 32. Kg2 b5 33. Bxc8 Kxg8
34. f4 Kf8 35. Kf2 g5 36. hxg5 hxg5 37. fxg5 fxg5 38. a3 b4 39. axb4 axb4 40.
Be6 Nb7 41. Ke3 Nc5 42. e5 dxe5 43. Bf5 Ke7 44. Bd3 Nxb3 45. Bc4 Nc5 46. Kd2
Kd6 47. Kc2 Ne4 48. Kb3 Kc5 49. Ba6 Nf6 50. d6 Kxd6 51. Kxb4 Nxg4 52. Kc3 Kc5
53. Kd3 Nf6 54. Ke3 Kb4 55. Bc8 Kc3 56. Bf5 g4 57. Bc8 Kc4 58. Be6+ Kc5 59. Bc8
Kd6 60. Bb7 Ke7 61. Kf2 Kf7 62. Kg3 Kg6 63. Bc8 Kg5 64. Bb7 Nh5+ 65. Kf2 Kf4
66. Bg2 e4 67. Bh1 Nf6 68. Bg2 Nd5 69. Ke2 Kg3 70. Bh1 Kh2 71. Bxe4 Nc3+ 0-1

[Event "SV Empor Erfurt-SG Königskinder Hohentüb"]
[Site "DVM U14 in Arendsee"]
[Date "2009.12.28"]
[Round "4.3"]
[White "Müller, Nils Samuel"]
[Black "Schneider, Jan"]
[Result "1/2-1/2"]
[WhiteElo "1576"]
[BlackElo "1524"]
[PlyCount "76"]
[EventDate "2009.??.??"]
[WhiteTeam "SG Königskinder Hohentübingen"]
[BlackTeam "SV Empor Erfurt"]

1. e4 e5 2. Nf3 Nc6 3. Bc4 Nf6 4. d3 Bc5 5. Nc3 d6 6. h3 Be6 7. Bb3 h6 8. Be3
Bb6 9. Qd2 a6 10. g4 Bxe3 11. fxe3 Qd7 12. O-O-O O-O-O 13. d4 Bxb3 14. axb3
Rde8 15. d5 Na7 16. Qd3 Nb5 17. Nxb5 Qxb5 18. Kd2 Qb4+ 19. Ke2 Qxe4 20. Qxe4
Nxe4 21. Rhg1 Ng5 22. h4 Nxf3 23. Kxf3 Ref8 24. e4 f6 25. Rd2 Kb8 26. Ke3 Ka7
27. Rf2 g5 28. h5 Rf7 29. Kd3 Kb6 30. Rgf1 Rhf8 31. Kc4 c6 32. c3 c5 33. b4
cxb4 34. Kxb4 a5+ 35. Kc4 Ka6 36. b3 b5+ 37. Kd3 Kb6 38. Ra2 Ra7 1/2-1/2

[Event "SV Empor Erfurt-SG Königskinder Hohentüb"]
[Site "DVM U14 in Arendsee"]
[Date "2009.12.28"]
[Round "4.4"]
[White "Scheuch, Benjamin"]
[Black "Reimer, Benedict"]
[Result "1/2-1/2"]
[WhiteElo "1376"]
[BlackElo "1447"]
[PlyCount "73"]
[EventDate "2009.??.??"]
[WhiteTeam "SV Empor Erfurt"]
[BlackTeam "SG Königskinder Hohentübingen"]

1. e4 c5 2. Nf3 e6 3. c4 Nc6 4. d4 cxd4 5. Nxd4 Bb4+ 6. Nc3 Nge7 7. Be2 O-O 8.
O-O a6 9. Be3 Bxc3 10. bxc3 Nxd4 11. cxd4 d5 12. cxd5 exd5 13. e5 Be6 14. Rc1
Qd7 15. Bd3 Bf5 16. Be2 Rfc8 17. Qd2 Rxc1 18. Rxc1 Rc8 19. Rxc8+ Qxc8 20. Qc1
Nc6 21. Qc5 Be6 22. f4 Nd8 23. Qxc8 Bxc8 24. Kf1 g6 25. g4 Kf8 26. Ke1 Ke7 27.
Bf3 Ke6 28. Kd2 Nc6 29. Kc3 Bd7 30. Be2 Be8 31. Bd3 Bd7 32. h3 Ke7 33. f5 gxf5
34. Bxf5 Bxf5 35. gxf5 f6 36. Bf4 Kf7 37. e6+ 1/2-1/2

[Event "SV Welper 1922-SV Merseburg"]
[Site "DVM U14 in Arendsee"]
[Date "2009.12.28"]
[Round "4.1"]
[White "Gering, Samuel"]
[Black "Adiyaman, Rene"]
[Result "1-0"]
[WhiteElo "1915"]
[BlackElo "1636"]
[PlyCount "77"]
[EventDate "2009.??.??"]
[WhiteTeam "SV Merseburg"]
[BlackTeam "SV Welper 1922"]

1. d4 {[%emt 0:00:00]} d5 {[%emt 0:00:00]} 2. c4 e6 3. Nc3 Nf6 4. cxd5 Nxd5 5.
e4 Nf6 6. Bg5 Be7 7. Nf3 Nbd7 8. Be2 b6 9. O-O Bb7 10. Qc2 c5 11. Rad1 Rc8 12.
dxc5 Rxc5 13. Bxf6 Bxf6 14. Bb5 Bc6 15. Bxc6 Rxc6 16. Qa4 Qc8 17. Nb5 Be7 18.
Nxa7 Rc4 19. Nxc8 Rxa4 20. Rxd7 Kxd7 21. Nxb6+ Kc7 22. Nxa4 Ra8 23. Rc1+ Kb7
24. Nc3 Bb4 25. a3 Ba5 26. g3 Rc8 27. Kg2 Bb6 28. Ne2 Rd8 29. b4 Rd3 30. Rc3
Rd7 31. a4 f6 32. a5 Bc7 33. Ned4 Be5 34. Nxe5 Rxd4 35. Nd3 e5 36. Kf3 Ka6 37.
Ke3 Kb5 38. Rc5+ Ka6 39. f4 1-0

[Event "SV Welper 1922-SV Merseburg"]
[Site "DVM U14 in Arendsee"]
[Date "2009.12.28"]
[Round "4.2"]
[White "Schaller, Fabian"]
[Black "Hoffmann, Dustin"]
[Result "0-1"]
[WhiteElo "1515"]
[BlackElo "1471"]
[PlyCount "86"]
[EventDate "2009.??.??"]
[WhiteTeam "SV Welper 1922"]
[BlackTeam "SV Merseburg"]

1. e4 c5 2. Nf3 Nc6 3. d4 cxd4 4. Nxd4 Nf6 5. Nc3 e5 6. Nde2 Bb4 7. Bd2 O-O 8.
h3 d5 9. exd5 Nxd5 10. a3 Nxc3 11. Bxc3 Bxc3+ 12. Nxc3 Bf5 13. Rc1 Qxd1+ 14.
Nxd1 Nd4 15. Ne3 Bg6 16. c3 Nc6 17. Bc4 Rad8 18. Ke2 Rd7 19. Rhd1 Rfd8 20. Rxd7
Rxd7 21. Rd1 Rxd1 22. Kxd1 Kf8 23. Kd2 Ke7 24. b4 f6 25. Bd3 Bxd3 26. Kxd3 b5
27. Nf5+ Kf8 28. Ke4 g6 29. Nd6 a6 30. Kd5 Nb8 31. Kc5 Ke7 32. Nb7 f5 33. Kb6
Kd7 34. Nc5+ Kd6 35. Kb7 Nd7 36. Nxd7 Kxd7 37. Kxa6 Kc6 38. Ka5 e4 39. g3 g5
40. a4 bxa4 41. Kxa4 f4 42. Kb3 e3 43. fxe3 fxg3 0-1